000 00568nam a22001697a 4500
003 DO-SdBNP
005 20171115153333.0
008 171115b 20uu| |||| 00| 0 spa d
040 _aBPMSU
_bspa
_cBPMSU
082 _axxxxx
_bxxxxx
100 1 _aFadul y Fadul, José Ernesto,
_d1949-
245 1 _aTemperamentos y tipos constitucionales de los presidentes dominicanos :
_bguía para gobernar /
_cJosé Ernesto Fadul y Fadul
260 _a[Santo Domingo] :
_b[s. n.]
_c[200-?]
300 _a266 p. :
_bil. ;
_c19 cm.
942 _2ddc
_cBK
956 _aBTAVAREZ
_b10
_c20171115
_d0038
999 _c12901
_d12901